000 00874cab a2200205 4500
001 ABS40313
008 090401t1989 xxu||||| |||| 00| 0 eng d
035 _a(Sirsi) u23017
041 _aeng
100 _aCusack, M.M.
245 _aConstruction robots take a step forward
260 _c1989
350 _a0
490 _aBuilding Technology & Management
_v27(1) February/March 1989, 7-8(2)
520 _aDiscusses the application of robotics to the construction industry , highlighting the lessons to be learned from the Japan ese. Reviews the findings of a feasibility study on the potential use of advanced robotics undertaken by CIRIA , the first stage in a three-stage process envisaged by the DTI for development of an autonomous device within each industry area.
650 _aCOMPUTERS
690 _aBUILT ENVIRONMENT
942 _n0
948 _c04/03/1997
999 _c15428
_d15428